000 00933nam a2200229 i 4500
001 bg
111 2 _aOgólnopolskie Forum Mała Energetyka'96
_n(4 ;
_d1996 ;
_cChańcza, woj. kieleckie).
245 0 0 _aMała energetyka - 96 :
_b(z energii źródeł odnawialnych) : III konferencja naukowo-techniczna, 28-30 maja 1996, Chancza, woj kieleckie : referaty sesji /
_cOgólnopolskie Forum "Mała Energetyka".
260 _a[Kielce] :
_bOF "ME",
_c[1996].
300 _a400 s. pag. varia :
_bil. (w tym kolor.), mapy ;
_c29 cm.
500 _aNa okł. podtyt. : (energia ze źródeł odnawialnych). - Tekst częśc. ang.
504 _aBibliogr. przy ref.
650 9 _aOdnawialne źródła energii
655 _aMateriały konferencyjne
020 _a8390609002
040 _cBPK
041 0 _apoleng
080 _a621.311:620.9:504.03](061)
920 _a83-906090-0-2
942 _cKS
008 s pl f |000 0 pol
999 _c45282
_d45282